Catacumba de rosas / (Record no. 58205)

MARC details
000 -LEADER
campo de control de longitud fija 00648nam a2200217 i 4500
001 - NÚMERO DE CONTROL
campo de control 58205
003 - IDENTIFICADOR DE NÚMERO DE CONTROL
campo de control ES-MaACL
005 - FECHA Y HORA DE LA ÚLTIMA TRANSACCIÓN
campo de control 20230906163741.0
007 - CAMPO FIJO DE DESCRIPCIÓN FÍSICA--INFORMACIÓN GENERAL
campo de control de longitud fija t|
008 - DATOS DE LONGITUD FIJA--INFORMACIÓN GENERAL
campo de control de longitud fija 031021s1986 sp ||||1| spa d
020 ## - NÚMERO INTERNACIONAL ESTÁNDAR DEL LIBRO
Número Internacional Estándar del Libro 84-398-7171-6
100 1# - ENTRADA PRINCIPAL--NOMBRE DE PERSONA
Nombre de persona Durán, Emilio.
9 (RLIN) 46178
245 10 - MENCIÓN DEL TÍTULO
Título Catacumba de rosas /
Mención de responsabilidad, etc. Emilio Durán ; [prólogo de Antonio Enrique].
260 ## - PUBLICACIÓN, DISTRIBUCIÓN, ETC.
Lugar de publicación, distribución, etc. [S.l. :
Nombre del editor, distribuidor, etc. s.n.,
Fecha de publicación, distribución, etc. 1986] (
Lugar de fabricación/manufactura Sevilla :
Fabricante Gráf. Rublan)
300 ## - DESCRIPCIÓN FÍSICA
Extensión 82 p. ;
Dimensiones 17 cm.
490 1# - MENCIÓN DE SERIE
Mención de serie El carro de la nieve
700 1# - ENTRADA AGREGADA--NOMBRE PERSONAL
Nombre de persona Enrique, Antonio.
9 (RLIN) 47265
830 0# - PUNTO DE ACCESO ADICIONAL DE SERIE-TÍTULO UNIFORME
Título uniforme El carro de la nieve
9 (RLIN) 182639
852 ## - LOCALIZACIÓN
Ubicación ES-MaACL
Número de control de estantería L-12553
Sublocalización o colección R.113172
Holdings
Estatus retirado Estado de pérdida Estado de daño No para préstamo Biblioteca de origen Biblioteca actual Ubicación en estantería Fecha de adquisición Fuente de adquisición Total de préstamos Signatura topográfica completa Código de barras Visto por última vez Precio de reemplazo Tipo de ítem Koha
        Biblioteca del Ateneo de Madrid Biblioteca del Ateneo de Madrid Depósito 2 17/01/2008     L-12553 1061081 23/02/2023 23/02/2023 Libro impreso